PAOK Thessaloniki Squad - 2025/26 - Statistics

General Stats
  • This quiz has been taken 36 times
    18 since last reset
  • The average score is 26 of 31
Answer Stats
# Position Country Player % Correct
21 LB Ghana Abdul Rahman Baba
100%
56 ST Greece Anestis Mythou
100%
99 GK Greece Antonis Tsiftsis
100%
65 AM Greece Giannis Konstantelias
100%
14 RW Serbia Andrija Zivkovic
94%
5 CB Greece Giannis Michailidis
94%
1 GK Czech Republic Jiri Pavlenka
94%
3 RB England Jonjoe Kenny
94%
27 DM Russia Magomed Ozdoev
94%
8 DM France Soualiho Meite
94%
11 LW Brazil Taison
94%
16 CB Poland Tomasz Kedziora
94%
22 CM Italy Alessandro Bianco
88%
32 LB Scotland Creg Taylor
88%
6 CB Croatia Dejan Lovren
88%
52 RW Greece Dimitrios Chatsidis
88%
10 AM Greece Dimitrios Pelkas
88%
7 ST Greece Georgios Giakoumakis
88%
2 CM Guinea Mady Camara
88%
20 CM Greece Christos Zafeiris
81%
77 RW Bulgaria Kiril Despodov
81%
41 GK Greece Dimitrios Monastirlis
75%
23 RB Spain Joan Sastre
75%
35 RB Mexico Jorge Sanchez
75%
18 AM Croatia Luka Ivanusec
75%
4 CB Italy Alessandro Vogliaco
69%
25 DM Greece Konstantinos Thymianis
69%
19 ST Sweden Alexander Jeremejeff
63%
97 CB Greece Dimitrios Bataoulas
44%
39 LW Greece Dimitrios Berdos
44%
33 CM Greece Dimitrios Tsopouroglou
44%
No matching quizzes found
Score Distribution
Percent of People with Each Score
Percentile by Number Answered
Your Score History
You have not taken this quiz since the last reset